[Event "SUI-ch op"]
[Site "Lenzerheide"]
[Date "2010.07.14"]
[Round "7"]
[White "Kaufmann, Werner"]
[Black "Salzgeber, Frank"]
[Result "1/2-1/2"]
[WhiteElo "2242"]
[BlackElo "2194"]
[PlyCount "34"]
[EventDate "2010.07.08"]
[EventType "swiss"]
[EventRounds "9"]
[EventCountry "SUI"]
[SourceTitle "CBM 137 Extra"]
[Source "ChessBase"]
[SourceDate "2010.09.01"]
[SourceVersion "1"]
[SourceVersionDate "2010.09.01"]
[SourceQuality "1"]

1. e4 c5 2. Nf3 e6 3. Nc3 a6 4. g3 b5 5. d4 cxd4 6. Nxd4 Bb7 7. Bg2 Nf6 8. a3 Qc7 9. 0-0 Nc6 10. Re1 Nxd4 11. Qxd4 Bc5 12. Qd1 h5 13. Be3 Ng4 14. Bxc5 Qxc5 15. Qe2 Ne5 16. Nd1 h4 17. Qe3 Rc8 1/2-1/2

[Event "SUI-ch op"]
[Site "Lenzerheide"]
[Date "2010.07.12"]
[Round "5"]
[White "Kelecevic, Nedeljko"]
[Black "Salzgeber, Frank"]
[Result "1/2-1/2"]
[WhiteElo "2294"]
[BlackElo "2194"]
[PlyCount "53"]
[EventDate "2010.07.08"]
[EventType "swiss"]
[EventRounds "9"]
[EventCountry "SUI"]
[SourceTitle "CBM 137 Extra"]
[Source "ChessBase"]
[SourceDate "2010.09.01"]
[SourceVersion "1"]
[SourceVersionDate "2010.09.01"]
[SourceQuality "1"]

1. d4 Nf6 2. c4 g6 3. Nc3 Bg7 4. e4 d6 5. Be2 0-0 6. Bg5 Nbd7 7. Qd2 a6 8. f3 c5 9. d5 b5 10. cxb5 Qa5 11. bxa6 Bxa6 12. Bxa6 Qxa6 13. Nge2 Ne5 14. 0-0 Nc4 15. Qc2 Rfb8 16. Bc1 Ne8 17. b3 Na3 18. Bxa3 Qxa3 19. Qd3 c4 20. bxc4 Rb2 21. Rad1 Rc8 22. Kh1 Qb4 23. Rb1 Rxb1 24. Rxb1 Qxc4 25. Qxc4 Rxc4 26. Rb3 h5 27. Kg1 1/2-1/2

[Event "Lenk op 21st"]
[Site "Lenk"]
[Date "2009.04.12"]
[Round "6"]
[White "Stankovic, Zeljko"]
[Black "Salzgeber, Frank"]
[Result "0-1"]
[WhiteElo "2244"]
[BlackElo "2163"]
[PlyCount "90"]
[EventDate "2009.04.09"]
[EventType "swiss"]
[EventRounds "7"]
[EventCountry "SUI"]
[SourceTitle "CBM 130 Extra"]
[Source "ChessBase"]
[SourceDate "2009.07.02"]
[SourceVersion "2"]
[SourceVersionDate "2009.07.15"]
[SourceQuality "1"]

1. d4 Nf6 2. c4 e6 3. Nc3 Bb4 4. e3 c5 5. Nge2 cxd4 6. exd4 d5 7. a3 Be7 8. c5 a5 9. Rb1 0-0 10. b4 axb4 11. axb4 b6 12. Bf4 bxc5 13. dxc5 Nc6 14. Nd4 Nxd4 15. Qxd4 Nd7 16. Bg3 Bb7 17. Bb5 Bf6 18. Qd3 Nxc5 19. bxc5 Qa5 20. 0-0 Bxc3 21. c6 Ba6 22. Bxa6 Rxa6 23. c7 e5 24. Rb5 Qxc7 25. Rxd5 Rc6 26. Rd7 Qc8 27. Qd5 Bd4 28. h3 Rc1 29. Rxc1 Qxc1+ 30. Kh2 h6 31. Re7 Qg5 32. Rd7 Qf6 33. Rd6 Qf5 34. f4 Qb1 35. Bh4 Qg1+ 36. Kg3 Qe3+ 37. Kh2 Qg1+ 38. Kg3 Bf2+ 39. Kf3 Bxh4 40. fxe5 Qf2+ 41. Ke4 Qxg2+ 42. Kd4 Qxd5+ 43. Kxd5 Bg3 44. Rd7 Re8 45. e6 Rxe6 0-1